[Event "1. OEsterreichische Internet Schach Meisterschaft - Vorrunde 1"]
[Site "Online - Playchess.com"]
[Date ""]
[Round "2"]
[Board "33"]
[White "Hofer, Martin"]
[Black "Kienboeck, Benjamin"]
[Result "0-1"]
[WhiteElo "1603"]
[BlackElo "1922"]
[PlyCount "60"]
[EventDate "2020.04.11"]
[EventRounds "9"]
[EventCountry "AUT"]

1. e4 c5 2. c3 Nf6 3. e5 Nd5 4. d4 cxd4 5. cxd4 d6 6. Bc4 Nb6 7. exd6 Nxc4 8.
Qa4+ Nc6 9. Qxc4 Qxd6 10. d5 Ne5 11. Qd4 Bf5 12. Nc3 Nd3+ 13. Kd2 e5 14. Qa4+
Bd7 15. Qe4 Nxf2 16. Qe1 Nxh1 17. Nf3 Be7 18. Qxh1 e4 19. Nxe4 Qxd5+ 20. Ke3
O-O 21. Ned2 Bc5+ 22. Ke2 Bb5+ 23. Kd1 Rfe8 24. b3 Be2+ 25. Kc2 Qd3+ 26. Kb2
Bd4+ 27. Nxd4 Qxd4+ 28. Ka3 Re6 29. b4 Qc3+ 30. Nb3 Ra6#  0-1

[Event "1. OEsterreichische Internet Schach Meisterschaft - Vorrunde 1"]
[Site "Online - Playchess.com"]
[Date ""]
[Round "2"]
[Board "34"]
[White "Klinglmair, Guenter"]
[Black "Fugger, Christian"]
[Result "0-1"]
[WhiteElo "1483"]
[BlackElo "1818"]
[PlyCount "72"]
[EventDate "2020.04.11"]
[EventRounds "9"]
[EventCountry "AUT"]

1. Nf3 d5 2. g3 c5 3. Bg2 Nc6 4. O-O e5 5. d4 cxd4 6. e3 dxe3 7. Bxe3 Nf6 8.
Re1 Bd6 9. Nbd2 O-O 10. c3 Bg4 11. h3 Bh5 12. Qc1 Re8 13. c4 d4 14. Bg5 Bg6 15.
Nh4 Rc8 16. Nxg6 hxg6 17. Ne4 Be7 18. Qc2 Nxe4 19. Bxe7 Qxe7 20. Qxe4 Qc5 21.
b3 a5 22. Rac1 b6 23. h4 Nb4 24. Re2 d3 25. Rd2 Rcd8 26. Bf1 Rd4 27. Qe3 e4 28.
Rc3 f5 29. a3 Nc2 30. Qg5 e3 31. Rdxd3 Rxd3 32. Rxd3 e2 33. Bxe2 Rxe2 34. Rd8+
Kh7 35. h5 Qxf2+ 36. Kh1 Qg2#  0-1

[Event "1. OEsterreichische Internet Schach Meisterschaft - Vorrunde 1"]
[Site "Online - Playchess.com"]
[Date ""]
[Round "2"]
[Board "35"]
[White "Pilshofer, Paul"]
[Black "Schwarz, Benedikt"]
[Result "1-0"]
[WhiteElo "1715"]
[BlackElo "1815"]
[PlyCount "45"]
[EventDate "2020.04.11"]
[EventRounds "9"]
[EventCountry "AUT"]

1. d4 Nf6 2. Nf3 e6 3. g3 b6 4. Bg2 Bb7 5. O-O Be7 6. c4 O-O 7. b3 d5 8. Bb2
Ne4 9. Nbd2 Nxd2 10. Nxd2 c6 11. e4 Nd7 12. e5 Qc7 13. Rc1 Rac8 14. cxd5 exd5
15. Bxd5 Qb8 16. Bg2 Bg5 17. f4 Be7 18. Qe2 Rfd8 19. e6 Nf6 20. Rfe1 Qd6 21.
exf7+ Kxf7 22. Nc4 Qd7 23. Ne5+ {BS2000 gibt auf}  1-0

[Event "1. OEsterreichische Internet Schach Meisterschaft - Vorrunde 1"]
[Site "Online - Playchess.com"]
[Date ""]
[Round "2"]
[Board "36"]
[White "Lohr, Thomas"]
[Black "Lichtl, Erich"]
[Result "0-1"]
[WhiteElo "1203"]
[BlackElo "2096"]
[PlyCount "48"]
[EventDate "2020.04.11"]
[EventRounds "9"]
[EventCountry "AUT"]

1. e4 c6 2. Nf3 d5 3. e5 c5 4. c3 Nc6 5. Bb5 a6 6. Bxc6+ bxc6 7. d4 Bf5 8. O-O
e6 9. Bf4 Rb8 10. Bg3 Rxb2 11. Nbd2 h5 12. c4 h4 13. Nxh4 Rxh4 14. Bxh4 Qxh4
15. h3 Be7 16. Qa4 Rxd2 17. Qxa6 f6 18. Qxc6+ Kf7 19. a4 Qg5 20. Ra3 cxd4 21.
Rf3 Be4 22. Rg3 Qxe5 23. Rg5 Qxg5 24. cxd5 Qxg2#  0-1

[Event "1. OEsterreichische Internet Schach Meisterschaft - Vorrunde 1"]
[Site "Online - Playchess.com"]
[Date ""]
[Round "2"]
[Board "37"]
[White "Schnider, Gert"]
[Black "Schein, Karl-Heinz"]
[Result "1-0"]
[WhiteElo "2423"]
[BlackElo "2187"]
[PlyCount "99"]
[EventDate "2020.04.11"]
[EventRounds "9"]
[EventCountry "AUT"]

1. e4 c5 2. Nf3 Nc6 3. d4 cxd4 4. Nxd4 Nf6 5. Nc3 d6 6. Bg5 Bd7 7. Qd2 Rc8 8.
O-O-O Nxd4 9. Qxd4 Qa5 10. Bd2 e5 11. Qd3 Qc5 12. f3 Be7 13. g4 O-O 14. h4 b5
15. Be3 Qc7 16. Rh2 b4 17. Nb5 Qa5 18. Nxd6 Bxd6 19. Qxd6 Be6 20. a3 Rb8 21.
Qc5 Qa4 22. Qxa7 Qc6 23. a4 Ra8 24. Bb5 Qc8 25. Qc5 Qb7 26. Qxb4 Nd7 27. Qd6
Rfd8 28. Qc6 Qb8 29. Rhd2 Rc8 30. Rxd7 Rxc6 31. Rd8+ Qxd8 32. Rxd8+ Rxd8 33.
Bxc6 g6 34. a5 Bd7 35. Bb7 Bc8 36. Bb6 Re8 37. Bc6 Re6 38. Bd5 Re7 39. b4 Ba6
40. c4 Kg7 41. b5 Bb7 42. Bxb7 Rxb7 43. c5 Kf6 44. c6 Rb8 45. c7 Rc8 46. a6 Ke6
47. Ba5 Kd7 48. b6 Kc6 49. b7 Re8 50. c8=Q+  1-0

[Event "1. OEsterreichische Internet Schach Meisterschaft - Vorrunde 1"]
[Site "Online - Playchess.com"]
[Date ""]
[Round "2"]
[Board "38"]
[White "Wukits, Rene"]
[Black "Poetz, Florian"]
[Result "0-1"]
[WhiteElo "2312"]
[BlackElo "2422"]
[PlyCount "100"]
[EventDate "2020.04.11"]
[EventRounds "9"]
[EventCountry "AUT"]

1. d4 c5 2. e3 Nf6 3. Bd3 e6 4. Nf3 b6 5. O-O Bb7 6. b3 Be7 7. Bb2 cxd4 8. exd4
O-O 9. Nbd2 a6 10. Re1 d6 11. c4 Nbd7 12. Qe2 Re8 13. Qf1 Bf8 14. Rad1 Qc7 15.
Qe2 Rac8 16. Qe3 g6 17. Ba1 Bg7 18. Qf4 Rcd8 19. Ng5 Qb8 20. Nde4 d5 21. Qxb8
Nxb8 22. Nd2 dxc4 23. bxc4 Nc6 24. Nb3 a5 25. a4 Ba6 26. d5 Nb4 27. dxe6 fxe6
28. Be2 Nc2 29. Rxd8 Rxd8 30. Rc1 Nxa1 31. Rxa1 Rc8 32. Nxe6 Bxc4 33. Bxc4 Rxc4
34. Rd1 Kf7 35. Nxg7 Kxg7 36. Rd6 Rc3 37. Nd2 Ne4 38. Rd7+ Kh6 39. Nf1 Rc1 40.
f3 Nc5 41. Rd4 Ra1 42. Rh4+ Kg7 43. Rd4 Rxa4 44. Rd6 Rb4 45. Kf2 Rb2+ 46. Ke3
a4 47. Nd2 a3 48. Nc4 Rb3+ 49. Kd4 a2 50. Rxg6+ hxg6 {RWukits gibt auf}  0-1

[Event "1. OEsterreichische Internet Schach Meisterschaft - Vorrunde 1"]
[Site "Online - Playchess.com"]
[Date ""]
[Round "2"]
[Board "39"]
[White "Mostbauer, Florian"]
[Black "Schroll, Gerhard"]
[Result "1-0"]
[WhiteElo "2309"]
[BlackElo "2321"]
[PlyCount "53"]
[EventDate "2020.04.11"]
[EventRounds "9"]
[EventCountry "AUT"]

1. c4 e6 2. g3 Nf6 3. Bg2 d5 4. Nf3 Be7 5. O-O O-O 6. b3 c5 7. Bb2 Nc6 8. e3 b6
9. Nc3 Bb7 10. cxd5 exd5 11. d4 Rc8 12. Rc1 Ne4 13. dxc5 Nxc3 14. Bxc3 bxc5 15.
Ne5 Nxe5 16. Bxe5 Qd7 17. Bb2 Qe6 18. Qd2 Rfd8 19. Rfd1 Bf8 20. Qa5 Qb6 21. Qd2
Qa6 22. a3 Qb6 23. Qc2 Ba8 24. Rd2 Rb8 25. Be5 Rbc8 26. Rcd1 Qd6 27. Bxd6 {
SchrollG gibt auf}  1-0

[Event "1. OEsterreichische Internet Schach Meisterschaft - Vorrunde 1"]
[Site "Online - Playchess.com"]
[Date ""]
[Round "2"]
[Board "40"]
[White "Schernthaner, David"]
[Black "Kwech, Martin"]
[Result "1/2-1/2"]
[WhiteElo "2220"]
[BlackElo "1105"]
[PlyCount "47"]
[EventDate "2020.04.11"]
[EventRounds "9"]
[EventCountry "AUT"]

1. e4 e5 2. Nf3 Nc6 3. Bb5 a6 4. Ba4 Bc5 5. O-O Nf6 6. c3 O-O 7. Bc2 d6 8. d4
exd4 9. cxd4 Ba7 10. Bg5 h6 11. Bh4 g5 12. Bg3 Bg4 13. e5 dxe5 14. dxe5 Qxd1
15. Bxd1 Nh5 16. Nc3 Nxg3 17. hxg3 Bxf3 18. Bxf3 Nxe5 19. Bxb7 Rab8 20. Bxa6
Rxb2 21. Rae1 Ng6 22. Nd5 Rxa2 23. Bc4 Rc2 24. Bb3  1/2-1/2

[Event "1. OEsterreichische Internet Schach Meisterschaft - Vorrunde 1"]
[Site "Online - Playchess.com"]
[Date ""]
[Round "2"]
[Board "41"]
[White "Orgler, Philipp"]
[Black "Novkovic, Julia"]
[Result "0-1"]
[WhiteElo "2053"]
[BlackElo "2170"]
[PlyCount "100"]
[EventDate "2020.04.11"]
[EventRounds "9"]
[EventCountry "AUT"]

1. d4 g6 2. e4 Bg7 3. Nc3 d6 4. Nf3 c6 5. Bf4 Nd7 6. Qd2 e5 7. dxe5 dxe5 8. Bg5
f6 9. Be3 Qc7 10. h4 h5 11. O-O-O Nh6 12. Nh2 Qa5 13. Kb1 Nf8 14. f4 Bg4 15.
Be2 Rd8 16. Qxd8+ Qxd8 17. Rxd8+ Kxd8 18. Nxg4 Nxg4 19. Bxg4 hxg4 20. fxe5 f5
21. exf5 gxf5 22. Bxa7 Bxe5 23. Ne2 g3 24. Bd4 Bxd4 25. Nxd4 f4 26. Nf3 Ng6 27.
c4 Ke7 28. Kc2 Kf6 29. b4 Ne5 30. Nxe5 Kxe5 31. Kc3 f3 32. gxf3 Kf4 33. Kd3
Kxf3 34. Rf1+ Kg2 35. Rf7 Rxh4 36. Rxb7 Rg4 37. Re7 Kh3 38. Rh7+ Rh4 39. Rg7 g2
40. a4 Rg4 41. Rh7+ Kg3 42. b5 cxb5 43. axb5 g1=Q 44. Kc3 Qc5 45. Kb2 Qxc4 46.
b6 Qb5+ 47. Kc3 Qxb6 48. Kd2 Qa5+ 49. Ke2 Re4+ 50. Kf1 Qa1#  0-1

[Event "1. OEsterreichische Internet Schach Meisterschaft - Vorrunde 1"]
[Site "Online - Playchess.com"]
[Date ""]
[Round "2"]
[Board "42"]
[White "Reyhani, Adel"]
[Black "Froewis, Annika"]
[Result "0-1"]
[WhiteElo "1918"]
[BlackElo "2136"]
[PlyCount "112"]
[EventDate "2020.04.11"]
[EventRounds "9"]
[EventCountry "AUT"]

1. e4 e5 2. Nf3 Nc6 3. Bb5 a6 4. Ba4 Nf6 5. d3 b5 6. Bb3 Bc5 7. O-O d6 8. h3
O-O 9. c3 h6 10. Re1 Bb7 11. Nbd2 Ne7 12. Nf1 Ng6 13. Ng3 Re8 14. Nf5 Nh5 15.
g3 Bc8 16. Kg2 Nf6 17. Be3 Bxe3 18. fxe3 Bxf5 19. exf5 Ne7 20. e4 c5 21. d4
exd4 22. cxd4 c4 23. Bc2 Qb6 24. e5 dxe5 25. dxe5 Rad8 26. Qe2 Nfd5 27. Rad1 a5
28. Qe4 Qc5 29. f6 Ng6 30. fxg7 Kxg7 31. h4 h5 32. Nd4 Rxe5 33. Nf5+ Kf8 34.
Qf3 Rxe1 35. Rxe1 Nf6 36. Nh6 Rd2+ 37. Re2 Rxe2+ 38. Qxe2 Qd5+ 39. Kh2 Kg7 40.
Nf5+ Kh7 41. Ne3 Qe5 42. Qf2 Qxe3 43. Qxe3 Ng4+ 44. Kh3 Nxe3 45. Be4 Kg7 46. g4
hxg4+ 47. Kg3 f5 48. Bc6 f4+ 49. Kf2 b4 50. h5 Ne5 51. Bb5 Kh6 52. Be8 Nd3+ 53.
Ke2 g3 54. Kd2 g2 55. b3 g1=Q 56. bxc4 Qd1#  0-1

[Event "1. OEsterreichische Internet Schach Meisterschaft - Vorrunde 1"]
[Site "Online - Playchess.com"]
[Date ""]
[Round "2"]
[Board "43"]
[White "Virag, Herbert"]
[Black "Iro, Christian"]
[Result "0-1"]
[WhiteElo "1772"]
[BlackElo "2081"]
[PlyCount "60"]
[EventDate "2020.04.11"]
[EventRounds "9"]
[EventCountry "AUT"]

1. d4 Nf6 2. Bf4 d5 3. e3 e6 4. Nd2 Bd6 5. Bg3 O-O 6. Ngf3 c5 7. c3 Nc6 8. Bd3
b6 9. Ne5 Bb7 10. f4 Ne7 11. Qf3 cxd4 12. exd4 Nf5 13. Bf2 g6 14. g4 Ng7 15.
O-O-O a5 16. h4 Ba6 17. Bxa6 Rxa6 18. h5 b5 19. hxg6 fxg6 20. Rdg1 b4 21. g5
Nfh5 22. Rxh5 Nxh5 23. Be3 Bxe5 24. dxe5 bxc3 25. bxc3 Rc6 26. Kc2 Qc8 27. Nb1
Qc7 28. Rh1 Qf7 29. Rh4 Qf5+ 30. Kc1 Rc4 {Zeit}  0-1

[Event "1. OEsterreichische Internet Schach Meisterschaft - Vorrunde 1"]
[Site "Online - Playchess.com"]
[Date ""]
[Round "2"]
[Board "44"]
[White "Putz, Georg"]
[Black "Lerch, Johannes"]
[Result "0-1"]
[WhiteElo "2071"]
[BlackElo "2005"]
[PlyCount "200"]
[EventDate "2020.04.11"]
[EventRounds "9"]
[EventCountry "AUT"]

1. e4 c5 2. Nf3 d6 3. d4 cxd4 4. Nxd4 Nf6 5. Nc3 g6 6. Be3 Bg7 7. f3 O-O 8. Bc4
Nc6 9. Bb3 Bd7 10. Qd2 Rc8 11. O-O-O Nxd4 12. Bxd4 b5 13. Nd5 Nxd5 14. Bxd5 a5
15. Bxg7 Kxg7 16. Qd4+ Kg8 17. e5 Qc7 18. Be4 Bc6 19. exd6 exd6 20. Qxd6 Bxe4
21. Qxc7 Rxc7 22. fxe4 Rfc8 23. Rd2 Rc4 24. Re1 a4 25. b3 axb3 26. axb3 Rc3 27.
Kb2 b4 28. Ree2 R3c5 29. Rd4 Rb5 30. Rc4 Re8 31. c3 bxc3+ 32. Kxc3 Reb8 33. b4
Kf8 34. Ra2 Ke7 35. Ra7+ R5b7 36. Rxb7+ Rxb7 37. Kd4 Kd6 38. e5+ Ke6 39. Ke4
Rb5 40. Rc6+ Kd7 41. Rd6+ Ke7 42. Rd4 Ke6 43. Rd6+ Ke7 44. Rd5 Rxb4+ 45. Ke3
Ke6 46. Ra5 Rb3+ 47. Kf4 h6 48. h4 Rb4+ 49. Kg3 Re4 50. Kf3 Rxe5 51. Ra6+ Ke7
52. Ra7+ Kf6 53. Ra6+ Re6 54. Ra7 Rb6 55. g4 g5 56. h5 Rb4 57. Ra6+ Kg7 58. Rd6
Rf4+ 59. Kg3 Rf6 60. Rd7 Ra6 61. Rb7 Ra3+ 62. Kg2 Re3 63. Rc7 Kf6 64. Rc6+ Re6
65. Rc5 Re5 66. Rc6+ Re6 67. Rc5 Re3 68. Rf5+ Kg7 69. Ra5 Rb3 70. Ra7 Rb2+ 71.
Kg3 Rb3+ 72. Kf2 Rb4 73. Kf3 Rb3+ 74. Ke4 Rb4+ 75. Kf5 Rf4+ 76. Ke5 Rxg4 77.
Kf5 Rh4 78. Rb7 Rxh5 79. Rb4 Rh4 80. Rb6 Rf4+ 81. Ke5 Rf1 82. Ke4 Re1+ 83. Kf3
f6 84. Rb7+ Kg6 85. Rb4 Ra1 86. Rc4 Ra3+ 87. Kg2 h5 88. Rb4 h4 89. Rc4 f5 90.
Rc6+ Kh5 91. Rc8 Kg4 92. Rc4+ f4 93. Rb4 Ra2+ 94. Kf1 Kg3 95. Rb3+ f3 96. Ke1
g4 97. Rc3 h3 98. Re3 Re2+ 99. Rxe2 fxe2 100. Kxe2 h2 {Affie gibt auf}  0-1

[Event "1. OEsterreichische Internet Schach Meisterschaft - Vorrunde 1"]
[Site "Online - Playchess.com"]
[Date ""]
[Round "2"]
[Board "45"]
[White "Wiedermann, Daniel"]
[Black "Filek, Mattias"]
[Result "1-0"]
[WhiteElo "2048"]
[BlackElo "1932"]
[PlyCount "131"]
[EventDate "2020.04.11"]
[EventRounds "9"]
[EventCountry "AUT"]

1. d4 Nf6 2. c4 e6 3. Nc3 d5 4. cxd5 exd5 5. Bg5 Be7 6. Qc2 O-O 7. e3 c5 8.
dxc5 Be6 9. Rd1 Qa5 10. Bd3 h6 11. Bh4 Qxc5 12. Nge2 Nc6 13. Bxf6 Bxf6 14. Nxd5
Qxc2 15. Nxf6+ gxf6 16. Bxc2 Nb4 17. Be4 Bxa2 18. O-O Nc6 19. Rd7 Rab8 20. Ra1
Rfd8 21. Rxd8+ Rxd8 22. g3 Bc4 23. Nf4 a6 24. Rc1 Bb5 25. Kg2 Rd2 26. b3 Kg7
27. Nh5+ Kf8 28. Nxf6 Ne5 29. Rc8+ Ke7 30. Nd5+ Ke6 31. Nc7+ Kd7 32. Nxb5 Kxc8
33. Nd4 Nd3 34. Bxd3 Rxd3 35. Kf3 Kd7 36. h4 Kd6 37. Ke4 Rd1 38. Nf5+ Kc5 39.
Nxh6 Kb4 40. Nxf7 Kxb3 41. h5 a5 42. h6 Rh1 43. g4 a4 44. g5 a3 45. g6 a2 46.
g7 Rg1 47. h7 a1=Q 48. g8=Q Qb1+ 49. Kf4 Qe1 50. Ne5+ Ka3 51. h8=Q Qxf2+ 52.
Nf3 Rxg8 53. Qxg8 Qb2 54. Qc4 Qf6+ 55. Ke4 Qg6+ 56. Kd4 Qf6+ 57. Ne5 Qh4+ 58.
Kc3 Qe1+ 59. Kd4 Qh4+ 60. e4 Qf2+ 61. Kd5 Qd2+ 62. Qd4 Qa5+ 63. Qc5+ Qxc5+ 64.
Kxc5 Kb3 65. Nc4 Kc3 66. e5  1-0

[Event "1. OEsterreichische Internet Schach Meisterschaft - Vorrunde 1"]
[Site "Online - Playchess.com"]
[Date ""]
[Round "2"]
[Board "46"]
[White "Grafenberger, Dieter"]
[Black "Schein, Leopold"]
[Result "1-0"]
[WhiteElo "1953"]
[BlackElo "1584"]
[PlyCount "87"]
[EventDate "2020.04.11"]
[EventRounds "9"]
[EventCountry "AUT"]

1. d4 Nf6 2. Bg5 d5 3. e3 c5 4. c3 Nc6 5. Bd3 Bg4 6. f3 Bd7 7. Nd2 e5 8. dxe5
Nxe5 9. Bc2 Be7 10. Ne2 O-O 11. O-O Nc6 12. Nb3 Be6 13. Bxf6 Bxf6 14. Nxc5 Qb6
15. Nxe6 fxe6 16. Qd3 g6 17. Nf4 Ne5 18. Qd2 Nc4 19. Qe2 Qxe3+ 20. Qxe3 Nxe3
21. Rf2 Nxc2 22. Rxc2 Rae8 23. Re2 Bxc3 24. Nxg6 Bxb2 25. Rxb2 hxg6 26. Rxb7
Rf7 27. Rab1 Ree7 28. Rb8+ Kg7 29. Kf2 Rc7 30. R1b2 Rc6 31. Ke3 Rfc7 32. Kd4
Kf6 33. Rf8+ Ke7 34. Rg8 Kf7 35. Rgb8 Rc2 36. Rxc2 Rxc2 37. Rb7+ Kf6 38. Rxa7
Rxg2 39. a4 Rxh2 40. a5 Ra2 41. a6 Ra5 42. Ra8 Ke7 43. a7 Kd7 44. Rh8 {
Leoschein gibt auf}  1-0

[Event "1. OEsterreichische Internet Schach Meisterschaft - Vorrunde 1"]
[Site "Online - Playchess.com"]
[Date ""]
[Round "2"]
[Board "47"]
[White "Enne, Harald"]
[Black "Heinritz, Dietmar"]
[Result "1-0"]
[WhiteElo "1916"]
[BlackElo "1887"]
[PlyCount "85"]
[EventDate "2020.04.11"]
[EventRounds "9"]
[EventCountry "AUT"]

1. d4 Nf6 2. c4 e5 3. dxe5 Ng4 4. Nf3 Bc5 5. e3 Nc6 6. a3 Ngxe5 7. Nbd2 a5 8.
b3 Qf6 9. Ra2 Nxf3+ 10. Nxf3 O-O 11. Bb2 Qe7 12. Qd3 d6 13. Be2 h6 14. O-O Bg4
15. Qc3 f6 16. h3 Bh5 17. Re1 Bg6 18. Nd4 Rfe8 19. Bd3 Bxd3 20. Qxd3 Nxd4 21.
Bxd4 Qe4 22. Qxe4 Rxe4 23. Bxc5 dxc5 24. Rd1 Re7 25. Rad2 b6 26. g4 Kf7 27. Kg2
Rae8 28. Rd7 Rxd7 29. Rxd7+ Re7 30. Rd8 Ke6 31. f4 f5 32. Kf3 fxg4+ 33. hxg4
Rd7 34. Rxd7 Kxd7 35. Ke4 Ke6 36. f5+ Kd6 37. Kf4 c6 38. e4 b5 39. e5+ Ke7 40.
Ke4 Kd7 41. cxb5 cxb5 42. Kd5 b4 43. a4 {Zeit}  1-0

[Event "1. OEsterreichische Internet Schach Meisterschaft - Vorrunde 1"]
[Site "Online - Playchess.com"]
[Date ""]
[Round "2"]
[Board "48"]
[White "Schreiner, Peter"]
[Black "Streiter, Gerhard"]
[Result "1-0"]
[WhiteElo "2440"]
[BlackElo "1964"]
[PlyCount "43"]
[EventDate "2020.04.11"]
[EventRounds "9"]
[EventCountry "AUT"]

1. Nf3 d5 2. g3 Nf6 3. Bg2 e6 4. O-O Be7 5. c4 O-O 6. d4 dxc4 7. Qc2 a6 8. a4
Bd7 9. Rd1 Bc6 10. Nc3 a5 11. e4 Na6 12. Ne5 Nb4 13. Qe2 Be8 14. Nxc4 c6 15.
Be3 b5 16. Ne5 Rb8 17. h3 Qc7 18. Rac1 Nd7 19. Nxb5 Qb7 20. Nxd7 Bxd7 21. Na3
Rfd8 22. Nc4 {Zeit}  1-0

[Event "1. OEsterreichische Internet Schach Meisterschaft - Vorrunde 1"]
[Site "Online - Playchess.com"]
[Date ""]
[Round "2"]
[Board "49"]
[White "Hechl, Gerald"]
[Black "Morgunov, Marc"]
[Result "1/2-1/2"]
[WhiteElo "2333"]
[BlackElo "2341"]
[PlyCount "111"]
[EventDate "2020.04.11"]
[EventRounds "9"]
[EventCountry "AUT"]

1. Nc3 Nf6 2. e4 e5 3. Nf3 Nc6 4. d4 exd4 5. Nxd4 Bb4 6. Nxc6 bxc6 7. Bd3 d5 8.
Bd2 O-O 9. O-O Re8 10. Nxd5 Nxd5 11. exd5 Bxd2 12. Qxd2 cxd5 13. Rfe1 Be6 14.
Re5 Qf6 15. Rae1 c6 16. Qe3 g6 17. c4 Red8 18. cxd5 cxd5 19. Qd4 a5 20. b3 Rab8
21. h3 Qe7 22. Rxd5 Rxd5 23. Qxd5 Qb4 24. Qe4 a4 25. bxa4 Qc3 26. Bb5 Bxa2 27.
Qe5 Qxe5 28. Rxe5 Bb3 29. Re8+ Rxe8 30. Bxe8 Kf8 31. Bb5 Ke7 32. Kf1 Kd6 33.
Ke2 Kc5 34. Kd3 Bd5 35. g3 f6 36. Kc3 Be4 37. Bd7 Bd5 38. a5 Bb7 39. h4 Ba6 40.
Kb3 Bb5 41. Be6 Ba6 42. Bd7 Bb5 43. Bxb5 Kxb5 44. Kc3 Kxa5 45. Kd4 Kb4 46. Kd5
Kc3 47. Ke6 f5 48. Kf6 Kd3 49. Kg7 Ke2 50. Kxh7 Kxf2 51. Kxg6 Kxg3 52. h5 f4
53. h6 f3 54. h7 f2 55. h8=Q f1=Q 56. Qe5+  1/2-1/2

[Event "1. OEsterreichische Internet Schach Meisterschaft - Vorrunde 1"]
[Site "Online - Playchess.com"]
[Date ""]
[Round "2"]
[Board "50"]
[White "Kruckenhauser, Arthur"]
[Black "Pirker, Christian"]
[Result "1-0"]
[WhiteElo "2233"]
[BlackElo "2167"]
[PlyCount "119"]
[EventDate "2020.04.11"]
[EventRounds "9"]
[EventCountry "AUT"]

1. e4 e5 2. Nf3 d6 3. d4 exd4 4. Nxd4 Nf6 5. Bd3 Be7 6. O-O O-O 7. c4 Nc6 8.
Ne2 Re8 9. Nbc3 Bf8 10. f3 g6 11. Be3 Bg7 12. Rc1 a6 13. Qd2 Ne5 14. b3 Nxd3
15. Qxd3 a5 16. Nd5 Nd7 17. Rfd1 Nc5 18. Qd2 Ne6 19. Qe1 Bd7 20. Qf2 Bc6 21.
Rc2 b6 22. Rcd2 Bxd5 23. Rxd5 Qe7 24. R5d2 Nc5 25. Nf4 Na6 26. Nd5 Qd8 27. Bd4
Nb4 28. Bxg7 Kxg7 29. Qd4+ f6 30. Ne3 Qd7 31. Qc3 Qe6 32. Nd5 Nxd5 33. cxd5 Qd7
34. Rc1 Re7 35. Rdc2 Ra7 36. Qc6 Qxc6 37. Rxc6 Kf8 38. g4 Ke8 39. Kf2 Kd7 40.
Kg3 a4 41. bxa4 Rxa4 42. Rxc7+ Ke8 43. Rxe7+ Kxe7 44. Rc7+ Ke8 45. Rxh7 Rxa2
46. Rb7 Rb2 47. h4 Kf8 48. h5 g5 49. Rd7 b5 50. Rxd6 b4 51. Rxf6+ Ke7 52. Rb6
Rb1 53. e5 b3 54. Rb7+ Kd8 55. d6 Kc8 56. Rc7+ Kd8 57. e6 b2 58. e7+ Ke8 59.
Rc8+ Kd7 60. e8=Q+  1-0

[Event "1. OEsterreichische Internet Schach Meisterschaft - Vorrunde 1"]
[Site "Online - Playchess.com"]
[Date ""]
[Round "2"]
[Board "51"]
[White "Brod, Manfred"]
[Black "Soelkner, Julian"]
[Result "0-1"]
[WhiteElo "2211"]
[BlackElo "1484"]
[PlyCount "118"]
[EventDate "2020.04.11"]
[EventRounds "9"]
[EventCountry "AUT"]

1. e4 d6 2. d4 Nf6 3. Nc3 Nbd7 4. Bc4 e5 5. Nf3 Be7 6. h3 c6 7. O-O O-O 8. a4
a5 9. Re1 Re8 10. Be3 Qc7 11. Ng5 Rf8 12. f4 h6 13. Nf3 Rd8 14. Qe2 Bf8 15.
Rad1 Nh5 16. fxe5 dxe5 17. d5 Ndf6 18. dxc6 Rxd1 19. Rxd1 bxc6 20. Qf2 Bb7 21.
g4 Nf4 22. Kh2 c5 23. Nd5 N6xd5 24. Bxd5 Nxd5 25. Rxd5 Bxd5 26. exd5 e4+ 27.
Kg1 exf3 28. Qxf3 Rd8 29. g5 hxg5 30. Bxg5 Rd7 31. c4 Qe5 32. Qg2 Be7 33. Bh6
Kh7 34. Bd2 Bf6 35. Bc3 Qe3+ 36. Kh1 Bxc3 37. bxc3 Qxc3 38. Qg4 Qe1+ 39. Kg2
Qe7 40. Qh5+ Kg8 41. Qg4 Rd6 42. Qc8+ Qd8 43. Qxc5 Qf8 44. Qxa5 Rg6+ 45. Kf3
Qa3+ 46. Ke4 Qg3 47. Kd4 Qf4+ 48. Kc5 Qd6+ 49. Kd4 Qb6+ 50. Qxb6 Rxb6 51. c5
Rb4+ 52. Ke5 Rxa4 53. c6 Kf8 54. d6 Ke8 55. d7+ Kd8 56. Kd6 Rc4 57. h4 f5 58.
h5 f4 59. h6 gxh6 {Zeit}  0-1

[Event "1. OEsterreichische Internet Schach Meisterschaft - Vorrunde 1"]
[Site "Online - Playchess.com"]
[Date ""]
[Round "2"]
[Board "52"]
[White "Kipman, Felix"]
[Black "Ragger, Anna-Christina"]
[Result "0-1"]
[WhiteElo "1576"]
[BlackElo "2204"]
[PlyCount "72"]
[EventDate "2020.04.11"]
[EventRounds "9"]
[EventCountry "AUT"]

1. e4 c6 2. d4 d5 3. e5 Bf5 4. Bd3 Bxd3 5. Qxd3 e6 6. c4 Ne7 7. c5 b6 8. b4 a5
9. Bd2 axb4 10. Bxb4 Ng6 11. Nc3 Nd7 12. Nf3 bxc5 13. dxc5 Bxc5 14. Bxc5 Nxc5
15. Qc2 Qa5 16. O-O O-O 17. Ng5 h6 18. Nf3 Rfc8 19. h4 Nf4 20. Nd4 Qb4 21. Nb3
Nxb3 22. axb3 Qxc3 23. Qxc3 Ne2+ 24. Kh2 Nxc3 25. Rfc1 Nb5 26. Rxa8 Rxa8 27.
Rxc6 Nd4 28. Rb6 Ra3 29. b4 Rb3 30. Rb8+ Kh7 31. Kg1 Nc6 32. Rb7 Rxb4 33. Rxf7
Nxe5 34. Re7 Ng4 35. Rxe6 Rb1+ 36. Re1 Rxe1#  0-1

[Event "1. OEsterreichische Internet Schach Meisterschaft - Vorrunde 1"]
[Site "Online - Playchess.com"]
[Date ""]
[Round "2"]
[Board "53"]
[White "Juenger, Heinz"]
[Black "Horvath, Maria"]
[Result "1-0"]
[WhiteElo "2165"]
[BlackElo "1995"]
[PlyCount "59"]
[EventDate "2020.04.11"]
[EventRounds "9"]
[EventCountry "AUT"]

1. e4 c5 2. Nf3 Nc6 3. Bb5 g6 4. O-O Bg7 5. Re1 d6 6. c3 e5 7. d4 cxd4 8. cxd4
Bd7 9. dxe5 dxe5 10. Nc3 Nge7 11. Nd5 a6 12. Ba4 O-O 13. Bg5 f6 14. Be3 Nxd5
15. Qxd5+ Kh8 16. Red1 b5 17. Qxd7 Qxd7 18. Rxd7 bxa4 19. Rc1 Rfc8 20. Kf1 Nb4
21. Rxc8+ Rxc8 22. a3 Nc2 23. Bb6 f5 24. Ng5 h6 25. Ne6 Bf6 26. Rf7 Bg5 27.
exf5 gxf5 28. Bc7 Nd4 29. Bxe5+ Kg8 30. Rg7+ {Rolletta gibt auf}  1-0

[Event "1. OEsterreichische Internet Schach Meisterschaft - Vorrunde 1"]
[Site "Online - Playchess.com"]
[Date ""]
[Round "2"]
[Board "54"]
[White "Chen, Qingxia"]
[Black "Poecksteiner, Johann"]
[Result "0-1"]
[WhiteElo "1776"]
[BlackElo "2155"]
[PlyCount "62"]
[EventDate "2020.04.11"]
[EventRounds "9"]
[EventCountry "AUT"]

1. e4 d5 2. exd5 Qxd5 3. Nf3 Nf6 4. d4 Bg4 5. Nbd2 e6 6. c3 c5 7. Bb5+ Nc6 8.
O-O cxd4 9. Bxc6+ Qxc6 10. cxd4 Bd6 11. Re1 O-O 12. h3 Bh5 13. b3 Rfd8 14. Bb2
Bf4 15. Rc1 Bxf3 16. gxf3 Qa6 17. a4 Qd3 18. Re2 Rac8 19. Rxc8 Rxc8 20. Qe1 Rc2
21. Bc1 Nd5 22. Kg2 h5 23. h4 Kh7 24. Kf1 Nc3 25. b4 Rxc1 26. Qxc1 Qxe2+ 27.
Kg1 Bxd2 28. Qc2+ g6 29. Kg2 Nd5 30. Qc8 Nf4+ 31. Kg3 Qf1 {Zeit}  0-1

[Event "1. OEsterreichische Internet Schach Meisterschaft - Vorrunde 1"]
[Site "Online - Playchess.com"]
[Date ""]
[Round "2"]
[Board "55"]
[White "Gallob, Marko"]
[Black "Bachler, Reinhard"]
[Result "0-1"]
[WhiteElo "1961"]
[BlackElo "2143"]
[PlyCount "90"]
[EventDate "2020.04.11"]
[EventRounds "9"]
[EventCountry "AUT"]

1. e4 c5 2. Nf3 d6 3. d4 cxd4 4. Nxd4 Nf6 5. Nc3 a6 6. Bg5 Nbd7 7. Bc4 e6 8.
O-O h6 9. Bh4 Qc7 10. Bb3 Be7 11. Bg3 Nc5 12. f3 O-O 13. Kh1 b5 14. Qe1 Bb7 15.
Rd1 Rad8 16. a3 Nxb3 17. cxb3 Rfe8 18. Rc1 Qb8 19. Nce2 Rc8 20. Qf2 Rxc1 21.
Rxc1 Rc8 22. Qe3 Rc7 23. b4 Qc8 24. Nb3 Nh5 25. Bf2 Bg5 26. f4 Rxc1+ 27. Nexc1
Bxf4 28. Qe1 Bxc1 29. Nxc1 Bxe4 30. Ne2 d5 31. Nc3 Qc4 32. Bc5 Nf4 33. Nxe4
Qxe4 34. Qg1 h5 35. h3 Nxh3 36. Qf1 Nf4 37. Kh2 h4 38. Bd6 Ng6 39. Qc1 d4 40.
Qc8+ Kh7 41. Qe8 Qf5 42. Qc8 d3 43. Qc1 e5 44. Bc5 Qf4+ 45. Kh1 Qxc1+  0-1